000 00499nam a2200193Ia 4500
005 20260429112115.0
008 260429s9999||||xx |||||||||||||| ||und||
020 _a9781032649962
041 _aEnglish
082 _a531
_bWIL
100 _aWilcox, Walter
245 0 _aModern intermediate mechanics /
_cWalter Wilcox
250 _a1st ed.
260 _aBoca Raton :
_bCRC Press,
_c2025.
300 _axiii, 472 p.; hb
650 _a Newtonian mechanics
650 _aMechanics
942 _cTB
999 _c52388
_d52388